000 00680nam a2200229Ia 4500
008 191130s2006##################000#0#eng##
020 _a9781594512070
022 _a2005028078
040 _aACL
_cACL
082 _a301.01 AGG
100 _aAgger, Ben
245 _aCritical social theories : an introduction
_cBen Agger
250 _a2nd ed
260 _aBoulder, CO
_bParadigm Publishers
_cc2006
300 _axii, 241 p. ; 24 cm
500 _aIncludes bibliographical references (p. 214-232) and index
650 _aSociology - Methodology
650 _aSociology - Philosophy
990 _aafaf6d40ac10000c2b9bc3d4fda131cc
991 _a223316
999 _c142069
_d142069